| 000 | 00890nam0a22002891 4500 | ||
|---|---|---|---|
| 001 | v19\rc\2072221 | ||
| 005 | 20260406092625.0 | ||
| 035 | _a(NLR Aleph) 005169462 | ||
| 090 |
_a5056657 _c5056657 |
||
| 100 | _a20081218d1916 |||y0rusy50 ca | ||
| 101 | 0 | _arus | |
| 102 | _aRU | ||
| 105 | _aa z |||a| | ||
| 200 | 1 | _aКолобок | |
| 205 | _aИзд. 3-е | ||
| 210 |
_aМосква _cЗадруга _d1916 |
||
| 215 |
_a16 с. _cил. _d14 |
||
| 225 | 1 |
_aСказки-картинки _fВалерий Каррик _v№ 2 |
|
| 532 | 1 | 3 | _aКолобок |
| 686 | 0 |
_aШ9(2)3=Р0-2 _2rubbk |
|
| 700 | 1 |
_4220 _8rus _7ca _aКаррик _bВ. В. _f1869-1943 _gВалерий Вильямович _3RU\NLR\AUTH\7763974 _946903 |
|
| 801 | 0 |
_aRU _bNLR _gpsbo |
|
| 801 | 1 |
_aRU _bProSoft-M _2rusmarc |
|
| 801 | 2 |
_aRU _bNLR _c20140407 _2rusmarc |
|
| 852 |
_aNLR _j34.103.7.73 (№ 2) |
||
| 942 | _cBOOK | ||
| 980 | _aNB | ||